|
|
|
|
| LEADER |
01173fam a2200313 a 4500 |
| 001 |
3277 |
| 003 |
BD-DhAAL |
| 005 |
20150304094546.0 |
| 008 |
150304s1997 nyua sb 001 0 eng |
| 010 |
|
|
|a 97009920
|
| 020 |
|
|
|a 0471134406 (pbk. : alk. paper)
|
| 040 |
|
|
|a DLC
|c DLC
|d NIC
|d BD-DhAAL
|
| 050 |
0 |
0 |
|a HM256
|b .L382 1997
|
| 082 |
0 |
0 |
|a 302/.12
|2 21
|
| 100 |
1 |
|
|a Laudan, Larry.
|9 9003
|
| 245 |
1 |
0 |
|a Danger ahead :
|b the risks you really face on life's highway /
|c Larry Laudan.
|
| 260 |
|
|
|a New York :
|b J. Wiley,
|c 1997.
|
| 300 |
|
|
|a ix, 203 p. :
|b ill. ;
|c 23 cm.
|
| 504 |
|
|
|a Includes bibliographical references and index.
|
| 541 |
|
|
|e 3277
|
| 650 |
|
0 |
|a Risk perception
|z United States
|x Statistics.
|9 9004
|
| 650 |
|
0 |
|a Risk assessment
|z United States
|x Statistics.
|9 9005
|
| 650 |
|
7 |
|a Risk assessment
|2 fast
|9 9006
|
| 650 |
|
7 |
|a Risk perception
|2 fast
|9 9007
|
| 651 |
|
7 |
|a United States
|2 fast
|9 9008
|
| 655 |
|
7 |
|a Statistics
|2 fast
|9 6402
|
| 942 |
|
|
|2 ddc
|c BK
|
| 999 |
|
|
|c 33867
|d 33867
|
| 952 |
|
|
|0 0
|1 0
|2 ddc
|4 0
|6 302_120000000000000_LAU
|7 0
|9 52862
|a SCL
|b SCL
|c GEN
|d 2015-03-04
|e Gift: The Asia Foundation
|l 1
|m 1
|o 302.12 LAU
|p 3020003277
|r 2019-12-09
|s 2019-09-30
|t 1
|w 2015-03-04
|y BK
|